Online Catalogue and eLibrary

Pathi Pasu Pakistan (Record no. 4235)

MARC details
000 -LEADER
fixed length control field 00426nam a2200181Ia 4500
005 - DATE AND TIME OF LATEST TRANSACTION
control field 20250220055738.0
008 - FIXED-LENGTH DATA ELEMENTS--GENERAL INFORMATION
fixed length control field 240331s9999 xx 000 0 und d
020 ## - INTERNATIONAL STANDARD BOOK NUMBER
ISBN 8177200151
082 ## - DDC Classification
Item Number - Author Mark RAJ
DDC Edition Number 4951
Class No. 954
100 ## - MAIN ENTRY--PERSONAL NAME
Personal name Rajadurai, S. V
245 #0 - TITLE STATEMENT
Title Pathi Pasu Pakistan
260 ## - PUBLICATION, DISTRIBUTION, ETC.
Place of publication, distribution, etc. Puthanatham
Name of publisher, distributor, etc. Adaiyalam
Date of publication, distribution, etc. 2003
300 ## - PHYSICAL DESCRIPTION
Extent (e.g. Volumes, Pages etc.) 200 p.,
650 ## - SUBJECT ADDED ENTRY--TOPICAL TERM
Topical term or geographic name entry element Pakistan
650 ## - SUBJECT ADDED ENTRY--TOPICAL TERM
Topical term or geographic name entry element Islam
650 ## - SUBJECT ADDED ENTRY--TOPICAL TERM
Topical term or geographic name entry element Social Science
942 ## - Koha item type (Biblio)
Koha item type Books in Stacks (Lending)
Holdings
Lost status Damaged status Collection code Home library Current library Shelving location Date acquired Full call number Accession Number Item type
    Lending WERC Library WERC Library Social Science Cupboard 03/31/2024 954 RAJ 4951 Books in Stacks (Lending)

© WERC Library